000 00696nam a2200229Ia 4500
003 OSt
005 20220925235320.0
006 a|||||r|||| 00| 0
007 ta
008 220923b |||||||| |||| 00| 0 eng d
037 _cGeneral Book
040 _aRTL
_cRTL
_beng
041 _2eng
_aeng
082 _aX9(KZ31).2.N8, M6
100 _aSurendar Singh
_9301186
245 0 _aAgro-economics of dairy development in India
260 _a New Delhi
_bCriterion India
_c1986
300 _axii, 188p. Bib p 178-84 ; Appendix p 156-77
_ccm.
650 _aAnimal Husbandry Industry
942 _hX9(KZ31).2.N8, M6
_cGB
_2CC
999 _c597121
_d597121